000 00944ngm a2200193 a 4500
005 20210223125623.0
008 050418s2003 mx 120 aaspa d
035 _aUPN01000138115
049 _aAV
050 4 _aDVD ND 7
245 0 4 _aLas dos Fridas.
260 _a[México] :
_bOnce tv :
_bUSA video,
_cc2003.
300 _a1 DVD (120 min.) :
_bson. col. ;
_c4 3/4 plg.
500 _a"El material incluye: entrevistas"
520 _aFrida Kalho, mujer herida, dueña de una personalidad única, explosiva y disidente, brilló como la artista mexicana más importante de su época. En éste video se configura un panorama completo de la trayectoria artística y personal de ésta pintora. Para ello se acudió a la memoria de importantes testigos que desentrañan los misterios relacionados con sus enfermedades y sus vicios
600 1 4 _aKAHLO, FRIDA,
_d1910-1954
_91342
650 4 _aPINTORES -
_vBIOGRAFIA
_914775
905 _aElectrónico
999 _c110263
_d110263